TOP 100 des prénoms en France de 1900 à 2020 #1 - Statistiques

Statistiques générales
  • Ce quiz a été pris 767 fois
  • Le résultat moyen est 42 sur 100
Statistiques - réponses
Rang Nombre Prénom % Correct
1 2,232,238 Marie
93%
2 559,349 Jeanne
78%
34 214,474 Julie
77%
62 162,201 Emma
73%
43 202,178 Léa
71%
10 364,374 Anne
70%
17 271,397 Louise
69%
100 117,002 Anna
63%
3 401,459 Françoise
61%
59 167,128 Juliette
61%
23 245,925 Sophie
61%
67 157,579 Pauline
59%
40 205,213 Camille
57%
7 378,070 Isabelle
57%
22 253,067 Valérie
57%
16 280,610 Christine
56%
75 148,125 Laura
56%
56 170,098 Manon
56%
73 151,871 Chloé
55%
5 394,674 Catherine
54%
45 192,957 Emilie
54%
39 206,193 Lucie
54%
6 382,901 Nathalie
54%
9 364,635 Sylvie
54%
96 122,163 Michelle
53%
26 238,648 Stéphanie
53%
25 238,655 Céline
51%
98 118,841 Marine
51%
24 240,175 Sandrine
51%
27 235,680 Véronique
51%
58 167,946 Dominique
50%
69 156,399 Caroline
49%
93 125,041 Marion
49%
74 149,308 Charlotte
48%
70 155,702 Christelle
48%
76 148,045 Florence
48%
49 181,659 Laurence
48%
4 399,687 Monique
48%
44 198,817 Alice
47%
37 210,136 Annie
47%
20 259,450 Christiane
47%
11 320,115 Martine
47%
57 170,086 Sarah
47%
15 281,156 Hélène
46%
48 182,494 Aurélie
45%
97 121,050 Karine
45%
42 202,488 Brigitte
44%
99 117,298 Elise
44%
77 144,026 Mathilde
44%
51 177,577 Cécile
43%
38 207,336 Patricia
43%
66 158,097 Danielle
40%
68 156,730 Elodie
40%
87 131,180 Béatrice
39%
80 140,384 Maria
39%
64 159,671 Claire
38%
54 171,484 Virginie
38%
61 162,703 Corinne
37%
13 293,519 Nicole
37%
52 175,657 Thérèse
37%
63 161,728 Elisabeth
36%
8 372,454 Jacqueline
36%
19 263,311 Denise
35%
82 133,190 Mélanie
35%
35 213,222 Paulette
35%
41 203,325 Yvette
35%
33 215,308 Andrée
34%
79 141,426 Audrey
34%
28 232,038 Chantal
33%
50 179,853 Michèle
33%
78 141,430 Bernadette
32%
65 158,915 Claudine
32%
32 218,624 Jeannine
32%
30 221,612 Renée
32%
88 131,166 Anaïs
30%
91 127,616 Delphine
30%
14 289,827 Suzanne
29%
31 219,806 Simone
28%
53 174,640 Colette
27%
12 305,068 Madeleine
27%
18 271,123 Marguerite
26%
21 256,798 Yvonne
26%
72 152,859 Georgette
25%
94 122,948 Josiane
25%
71 154,026 Josette
24%
86 131,315 Annick
23%
46 192,454 Odette
23%
90 127,961 Evelyne
21%
55 170,522 Lucienne
21%
84 131,471 Nadine
21%
85 131,470 Ginette
20%
83 132,220 Laetitia
20%
29 229,165 Marcelle
20%
89 129,751 Mireille
20%
92 126,725 Henriette
19%
47 185,879 Geneviève
18%
36 210,839 Germaine
18%
60 164,758 Raymonde
18%
81 137,048 Gisèle
14%
95 122,726 Marthe
14%
Aucun quiz correspondant
Distribution des résultats
% des personnes avec chaque résultat
Percentile par nombre de réponses
Votre historique - résultats
Vous n’avez pas pris ce quiz